LEADER 00895nam0 2200265 450 001 000020430 005 20081209115837.0 010 $a0817638059 010 $a3764338059 100 $a20081209d1996----km-y0itay50------ba 101 0 $aeng 102 $aUS 105 $ay-------001yy 200 1 $aMath into LaTeX$ean introduction to LaTeX and AMS-LaTeX$fGeorge Gratzer 210 $aBoston [etc.]$cBirkhäuser$dc1996 215 $aXXVII, 451 p.$d24 cm 500 10$aMath into LaTeX$947410 610 1 $aElaboratori elettronici$aProgramma LATEX 676 $a686.22544536$v20$9Composizione tipografica a macchina per mezzo di attrezzature. Programmi per microelaboratori 700 1$aGrätzer,$bGeorge$041999 801 0$aIT$bUNIPARTHENOPE$c20081209$gRICA$2UNIMARC 912 $a000020430 951 $aM 686.225.44/2$bM 1329$cDSA$d2008 996 $aMath into LaTeX$947410 997 $aUNIPARTHENOPE LEADER 00942nam0 22002651i 450 001 UON00201406 005 20231205103255.366 010 $a88-243-1078-8 100 $a20030730d1994 |0itac50 ba 101 $aita 102 $aIT 105 $a|||| ||||| 200 1 $aˆLo ‰ sciopero$fFrancesco Santoni 210 $aSeconda edizione riveduta ed ampliata 215 $aNapoli$cJovene, 1994. X, 186 p.$d24 cm. 606 $aDiritto del lavoro$xStudi$3UONC037782$2FI 620 $aIT$dNapoli$3UONL000012 700 1$aSANTONI$bFrancesco$3UONV120275$0316626 712 $aJovene$3UONV252044$4650 801 $aIT$bSOL$c20250530$gRICA 899 $aSIBA - SISTEMA BIBLIOTECARIO DI ATENEO$2UONSI 912 $aUON00201406 950 $aSIBA - SISTEMA BIBLIOTECARIO DI ATENEO$dSI PUB E 0113 $eSI SC 30660 5 0113 $sBuono 996 $aSciopero$9628921 997 $aUNIOR